000 00555nam a2200217Ia 4500
003 OSt
005 20230504100935.0
008 210423s2012 xx 000 0 und d
020 _a9788121924504
040 _cAL
041 _aeng
082 _a621.381 MEHV
_223
100 _aMEHTA (VK);MEHTA (Rohit).
_994917
245 _aPrinciples electronics.
260 _aNew Delhi
_bS Chand & Company Ltd
_c2012
300 _axiv,778
_bPB
365 _b425
_cINR
650 _aElectronics
_994918
906 _aelectronics. ; Principles
942 _2ddc
_cBK
999 _c161945
_d161945